000 00540cam a2200217ua 4500
001 8814
005 20260515114359.0
008 150214n ii |||gr||||Z||||||asm
020 _a9788192058580
040 _cMAIN
041 _aasm
082 _a891.4513S
100 _aTerang, R. B.,
_eAuthor.
245 1 _aGalpa samagra
_cBy Rong Bong Terang
250 _a1st.
260 _aDibrugarh:
_bBanalata,
_c2012.
300 _a238p.
653 _aEast Indo-European & Celtic literatures
653 _aAssamese short stories
942 _cBK
999 _c7902
_d7902